000 00581nam a2200229Ia 4500
003 OSt
005 20220918202539.0
006 a|||||r|||| 00| 0
007 ta
008 220917b |||||||| |||| 00| 0 eng d
024 _a102,024
037 _cTextual
040 _aARTS
_cARTS
_beng
041 _2eng
_aeng
082 _aV22,1.F<-E, L6
100 _aKrishna Murari
_952806
245 0 _aCalukyas of Kalyani
260 _aDelhi
_bcomcept
_c1976
650 _aHISTORY
942 _hV22,1.F<-E, L6
_cTEXL
_2CC
999 _c225484
_d225484